LEADER 01136nam a2200265 i 4500 001 000000055037 003 CaOOAMICUS 005 20140526000000.0 008 140526s1982 it u000 u ita u 013 $a26209 040 $aSeMil$bita 100 1 $aGhiberti, Giuseppe <1934- >.$0(OLS)http://semarc/name/15966 245 13$aLa risurrezione di Gesù /$cGiuseppe Ghiberti. 260 $aBrescia :$bPaideia,$c1982. 300 $a195 p. ;$c21 cm. 490 0 $aQuaderni del Centro di studi biblici di Sacile ;$v1. 490 0 $aBiblioteca minima di cultura religiosa ;$v30 650 4$aGesù Cristo - Risurrezione.$0(OLS)http://semarc/subject/5599 830 0$aQuaderni del Centro di studi biblici di Sacile ;$v1.$0(OLS)http://semarc/title/12255 830 0$aBiblioteca minima di cultura religiosa ;$v30.$0(OLS)http://semarc/title/6071 850 $aSeMil 852 $aSeMil$W1$xVenegono$y1$m2Z II 36$j21191$B21191$CSeMilBibl$Z2$F21193 $81 961 $aAcquisto: Casa editrice 996 $6245$aLa risurrezione di Gesù$9(OLS)http://semarc/title/60154 996 $6260$aBrescia :$bPaideia$9(OLS)http://semarc/publisher/29614 LEADER 01215nam a2200277 i 4500 001 000000070057 003 CaOOAMICUS 005 20080623000000.0 008 080623s1987 it u000 u ita u 013 $a41229 020 $a8838235481 040 $aSeMil$bita 100 1 $aBubner, Rüdiger <1941-2007>.$0(OLS)http://semarc/name/13176 245 13$aLa filosofia oggi, tra ermeneutica e dialettica /$cRüdiger Bubner ... [et al.] ; a cura di Enrico Berti. 260 $aRoma :$bStudium,$ccopyr. 1987. 300 $a114 p. ;$c19 cm. 490 0 $aNuova universale Studium ;$v52 650 4$aErmeneutica filosofica.$0(OLS)http://semarc/subject/5404 650 4$aDialettica .$0(OLS)http://semarc/subject/3331 700 1 $aBerti, Enrico,$d<1935-2022>.$0(OLS)http://semarc/name/5830 830 0$aNuova universale Studium ;$v52.$0(OLS)http://semarc/title/5890 850 $aSeMil 852 $aSeMil$W1$xVenegono$y1$m2P I 530$j36210$B36210$CSeMilBibl$Z2$F36213 $81 996 $6020$a8838235481$9(OLS)http://semarc/number/48758 996 $6245$aLa filosofia oggi, tra ermeneutica e dialettica$9(OLS)http://semarc/title/112364 996 $6260$aRoma :$bStudium$9(OLS)http://semarc/publisher/29617